Pio X / (Record no. 84080)

MARC details
000 -LEADER
campo de control de longitud fija 00572nam a2200205 i 4500
001 - NÚMERO DE CONTROL
campo de control 84080
003 - IDENTIFICADOR DE NÚMERO DE CONTROL
campo de control ES-MaACL
005 - FECHA Y HORA DE LA ÚLTIMA TRANSACCIÓN
campo de control 20250403163854.0
007 - CAMPO FIJO DE DESCRIPCIÓN FÍSICA--INFORMACIÓN GENERAL
campo de control de longitud fija t|
008 - DATOS DE LONGITUD FIJA--INFORMACIÓN GENERAL
campo de control de longitud fija 041119s1952 sp ||||1| spa d
100 1# - ENTRADA PRINCIPAL--NOMBRE DE PERSONA
Nombre de persona Javierre, José María.
9 (RLIN) 66210
245 10 - MENCIÓN DEL TÍTULO
Título Pio X /
Mención de responsabilidad, etc. José Mª Javierre.
250 ## - MENCION DE EDICION
Mención de edición 2ª ed.
260 ## - PUBLICACIÓN, DISTRIBUCIÓN, ETC.
Lugar de publicación, distribución, etc. Barcelona :
Nombre del editor, distribuidor, etc. Juan Flors,
Fecha de publicación, distribución, etc. 1952 (
Fabricante Casa Provincial de Caridad)
300 ## - DESCRIPCIÓN FÍSICA
Extensión 327 p., 14 lám. ;
Dimensiones 23 cm.
600 04 - PUNTO DE ACCESO ADICIONAL DE MATERIA--NOMBRE DE PERSONA
9 (RLIN) 239958
Nombre de persona Pío
Numeración X,
Títulos y otros términos asociados al nombre Papa, Santo
852 ## - LOCALIZACIÓN
Ubicación ES-MaACL
Número de control de estantería D-8467
Sublocalización o colección R.33015
942 ## - ELEMENTOS DE ENTRADA SECUNDARIOS (KOHA)
Fuente del sistema de clasificación o colocación Clasificación decimal universal
Holdings
Estatus retirado Estado de pérdida Estado de daño No para préstamo Biblioteca de origen Biblioteca actual Ubicación en estantería Fecha de adquisición Fuente de adquisición Total de préstamos Signatura topográfica completa Código de barras Visto por última vez Precio de reemplazo Tipo de ítem Koha
        Biblioteca del Ateneo de Madrid Biblioteca del Ateneo de Madrid Sala Valle Inclán 17/01/2008     D-8467 901087869 23/02/2023 23/02/2023 Libro impreso